000 00994cam a2200193 a 4500
020 _a078440206X
082 0 0 _a624.164
_bANA
_cL-39, P-185
245 0 0 _aAnalysis and design of retaining structures against earthquakes :
_bproceedings of sessions sponsored by the Soil Dynamics Committee of the Geo-Institute of the American Society of Civil Engineers in conjunction with the ASCE National Convention in Washington, D.C., November 10-14, 1996 /
_cedited by Shamsher Prakash.
260 _aNew York, N.Y. :
_bAmerican Society of Civil Engineers,
_cc1996.
300 _avii, 136 p. :
_bill. ;
_c22 cm.
526 _a0
_b0
_c0
_d624_164000000000000_ANA
650 0 _aEarthquake resistant design
_xCongresses.
_946610
650 0 _aMCE
_9379
650 0 _aRetaining walls
_xDesign and construction
_xCongresses.
_942604
650 0 _aStructural analysis (Engineering)
_xCongresses.
_945433
700 1 _aPrakash, Shamsher.
_926807
710 2 _aAmerican Society of Civil Engineers.
_9702
942 _2ddc
_cBK
999 _c549907
_d549907